00692nam a2200229Ia 4500003000400000005001700004008004100021020002200062040000700084041000800091082002200099100002400121245003100145260003700176300001200213365001400225650002200239906003500261942001200296999001900308952013500327OSt20230502144913.0210423s2020 xx 000 0 und d a978-93-87752-19-1 cAL aeng a150.02 223bSURU aSURANA (M L)996140 aUGC NET/SET/JRF Psychology aJaipurbCorner Stone Pressc2020 a250bHB b1795cINR aPsychology996141 aNET/SET/JRF ; psychology ; UGC 2ddccBK c170575d170575 001040708CPSYaSACPGbSACPGd2020-02-24eAlka Prakashang1795.00l0o150.02 SURUpPG017077r2022-08-24 00:00:00w2021-04-26yBK